000 01510cam a2200361 a 4500
001 2453
005 20231208135812.0
020 _a0060258543 :
_c$14.95 ($19.95 Cdn.)
020 _a9780545045674
020 _a0060258640 (pbk.)
040 _aDLC
_cDLC
_dDLC
_beng
050 0 0 _aRA644.P7
_bG53 1995
082 0 0 _a614.4/9
_220
100 1 _aGiblin, James Cross
_d1933-2016
245 1 0 _aWhen plague strikes :
_bthe Black Death, smallpox, AIDS /
_cby James Cross Giblin ; woodcuts by David Frampton
260 _aNew York :
_bScholastic,
_c1995
300 _a212 pages :
_billustrations ;
_c24 cm
505 _aZ
520 _aCompassionate and arresting, this exploration of three major diseases that have changed the course of history--the bubonic plague, smallpox, and AIDS--chronicles their fearsome death toll, their lasting social, economic, and political implications, and how medical knowledge and treatments have advanced as a result of the crises they have occasioned.
521 _a1190
_bLexile
521 _aZ
_bRaz-Plus
650 0 _aPlague
_xHistory
_xJuvenile literature.
650 0 _aSmallpox
_xHistory
_xJuvenile literature.
650 0 _aAIDS (Disease)
_xHistory
_xJuvenile literature.
650 1 _aPlague
_xHistory.
650 1 _aSmallpox
_xHistory.
650 1 _aAIDS (Disease)
_xHistory.
650 1 _aEpidemics
_xHistory.
650 1 _aDiseases
_xHistory.
700 1 _aFrampton, David
_eillustrator
906 _a7
_bcbc
_corignew
_d1
_eocip
_f19
_gy-gencatlg
942 _2ddc
_cBK
_n0
999 _c2453
_d2453